Problém: účast podřízených na rozhodování
Vroom-Yettonov model rozlišuje 5 stupňov zapojenia podriadených do procesu riešenia problémov alebo rozhodovania. Na stanovenie miery účasti podriadených na rozhodovaní model používa rozhodovací strom.
Saved in:
| Main Author: | |
|---|---|
| Format: | Book Chapter |
| Language: | Czech |
| Subjects: | |
| Tags: |
No Tags, Be the first to tag this record!
|
MARC
| LEADER | 00000naa a2200000 4500 | ||
|---|---|---|---|
| 001 | r019788 | ||
| 005 | 20221205102258.6 | ||
| 041 | 0 | |a cze | |
| 044 | |a CZ | ||
| 245 | 1 | 0 | |a Problém: účast podřízených na rozhodování |c E. Hrabětová |
| 520 | |a Vroom-Yettonov model rozlišuje 5 stupňov zapojenia podriadených do procesu riešenia problémov alebo rozhodovania. Na stanovenie miery účasti podriadených na rozhodovaní model používa rozhodovací strom. | ||
| 610 | 2 | 0 | |a manažéri |
| 610 | 2 | 0 | |a podriadení |
| 610 | 2 | 0 | |a rozhodovanie podnikové |
| 610 | 2 | 0 | |a modely |
| 100 | 1 | |a Hrabětová, E. | |